MARC

LEADER 00000nam0a2200000 4500
001 255766
005 20231031215242.0
010 |a 3540508201 
035 |a (RuTPU)RU\TPU\book\278304 
090 |a 255766 
100 |a 20140401d1988 k y0engy50 ca 
101 0 |a eng 
102 |a DE 
105 |a a z 101zy 
200 1 |a Programming Languages Implementation and Logic Programming  |e International Workshop PLILP'88 Orleans, France, May 16-18, 1988 Proceedings  |f edited by P. D. Lorho, J. Maluszynski 
210 |a Berlin  |a Heidelberg  |a New York  |a London  |a Paris  |a Tokyo  |c Springer-Verlag  |d 1988 
215 |a 299 с.  |c il. 
225 1 |a Lecture Notes in Computer Science  |v Vol. 348 
606 1 |a Вычислительные машины электронные  |x Программирование  |2 stltpush  |3 (RuTPU)RU\TPU\subj\4141 
610 1 |a программное обеспечение 
610 1 |a языки программирования 
610 1 |a логика 
610 1 |a английский язык 
610 1 |a конференции 
675 |a 681.3.06(063)  |v 3 
702 1 |a Lorho  |b P. D.  |4 340 
702 1 |a Maluszynski  |b J.  |4 340 
712 1 2 |a Programming Languages Implementation and Logic Programming  |b International Workshop  |e Orleans, France  |f 1988 
801 1 |a RU  |b 63413507  |c 20140401 
801 2 |a RU  |b 63413507  |c 20140714  |g RCR 
942 |c BK